[Event "Tourn. n9174"]
[Site "www.chess-mail.com"]
[Date "2017.03.26"]
[Round "1"]
[White "Milkyway"]
[Black "Osopanda"]
[WhiteElo "1920"]
[BlackElo "1950"]
[Result "0-1"]
[Round "1"]
1.e4 c5
2.Ng1f3 Nb8c6
3.Bf1b5 Nc6d4
4.Nf3xd4 cxd4
5.O-O a6
6.Bb5e2 d6
7.d3 e5
8.f4 Ng8f6
9.fxe5 dxe5
10.Bc1g5 Bf8e7
11.Nb1d2 O-O
12.Nd2f3 Qd8c7
13.Ra1c1 Bc8g4
14.h3 Bg4e6
15.b3 h6
16.Bg5xf6 Be7xf6
17.Nf3h2 Ra8c8
18.Nh2g4 Bf6g5
19.Rc1b1 f5
20.exf5 Be6xf5
21.Ng4f2 Bg5e3
22.Kh1 Qc7xc2
23.Qd1xc2 Rc8xc2
24.Rb1e1 Rc2xa2
25.Nf2g4 Bf5xg4
26.Rf1xf8 Kxf8
27.Be2xg4 Kf7
28.Re1f1 Ke7
29.Bg4f5 b5
 { time }
0-1

[Event "Tourn. n9270"]
[Site "www.chess-mail.com"]
[Date "2017.03.26"]
[Round "1"]
[White "Coolant"]
[Black "Genius7"]
[WhiteElo "2140"]
[BlackElo "1980"]
[Result "1-0"]
[Round "1"]
1.Nb1c3 d5
2.d4 Ng8f6
3.Bc1g5 c6
4.Bg5xf6 exf6
5.e4 dxe4
6.Nc3xe4 Bf8e7
7.Ng1f3 O-O
8.Bf1d3 Nb8d7
9.Qd1d2 Nd7b6
10.O-O-O Bc8e6
11.Kb1 Nb6d5
12.c4 Nd5b4
13.a3  { time }
1-0

[Event "Tourn. n9254"]
[Site "www.chess-mail.com"]
[Date "2017.03.26"]
[Round "1"]
[White "Azulmarino"]
[Black "A27l"]
[WhiteElo "1430"]
[BlackElo "1220"]
[Result "1-0"]
[Round "1"]
1.e4 e5
2.d4 exd4
3.Qd1xd4 Qd8f6
4.e5 Qf6b6
5.Qd4d1 c6
6.Nb1c3 Bf8c5
7.Nc3e4 Ng8e7
8.Bc1e3 Bc5xe3
9.fxe3 O-O
10.Qd1d3 Qb6c7
11.Ng1f3 Ne7g6
12.Nf3g5 h6
13.Ng5f3 Nb8a6
14.Bf1e2 Ng6xe5
15.Nf3xe5 Qc7xe5
{ time. }
1-0

[Event "Tourn. n9180"]
[Site "www.chess-mail.com"]
[Date "2017.03.26"]
[Round "1"]
[White "Genius7"]
[Black "Andychesston"]
[WhiteElo "1890"]
[BlackElo "1990"]
[Result "0-1"]
[Round "1"]
1.c4 e5
2.Nb1c3 Ng8f6
3.g3 d6
4.Bf1g2 c6
5.d3 h6
6.Bc1d2 Bc8e6
7.Ng1f3 Qd8d7
8.O-O Be6h3
9.a3 Bh3xg2
10.Kxg2 Qd7f5
11.Rf1e1 Nb8d7
12.e4 Qf5g6
13.Nf3h4 Qg6h7
14.Nh4f5 Nf6g8
15.Qd1f3 g6
16.Nf5e3 h5
17.b4 h4
18.Re1h1 h3
19.Kf1 O-O-O
20.b5 c5
21.Nc3d5 Nd7f6
22.a4 Nf6xd5
23.Ne3xd5 Bf8e7
24.a5 Rd8f8
25.b6 a6
26.Qf3g4 f5
27.exf5 gxf5
28.Qg4f3 Be7d8
29.Nd5e3 Ng8h6
30.Ne3d5 e4
 { time }
0-1

[Event "Tourn. n9263"]
[Site "www.chess-mail.com"]
[Date "2017.03.26"]
[Round "1"]
[White "Julian"]
[Black "Genius3"]
[WhiteElo "2010"]
[BlackElo "1900"]
[Result "1-0"]
[Round "1"]
1.e4 e5
2.Ng1f3 Nb8c6
3.Bf1b5 Nc6d4
4.Nf3xd4 exd4
5.d3 c6
6.Bb5c4 d5
7.exd5 cxd5
8.Bc4b3 Ng8f6
9.O-O Bf8e7
10.Bc1g5 O-O
11.Nb1d2 Bc8g4
12.f3  { time }
1-0

[Event "Tourn. n9282"]
[Site "www.chess-mail.com"]
[Date "2017.03.26"]
[Round "1"]
[White "Picifarkinca"]
[Black "Lightning"]
[WhiteElo "1900"]
[BlackElo "1999"]
[Result "0-1"]
[Round "1"]
1.d4 Ng8f6
2.e3 b6
3.c4 Bc8b7
4.Ng1f3 e6
5.a3 d5
6.Nb1c3 Bf8d6
7.b4 a5
8.b5 O-O
9.a4 c5
10.Bf1e2 dxc4
11.Be2xc4 cxd4
12.exd4 Qd8c7
13.Qd1e2 Rf8c8
14.Nf3d2 Bd6b4
15.Bc1b2 Bb4xc3
16.Bb2xc3 Bb7d5
17.Bc4xd5 Qc7xc3
18.O-O exd5
19.Rf1c1 Qc3xc1
20.Ra1xc1 Rc8xc1
21.Nd2f1 Nb8d7
22.g3 Ra8e8
{ resign }
0-1

[Event "Tourn. n9280"]
[Site "www.chess-mail.com"]
[Date "2017.03.26"]
[Round "1"]
[White "Gambitplayer"]
[Black "Antuan72"]
[WhiteElo "1800"]
[BlackElo "1760"]
[Result "0-1"]
[Round "1"]
1.d4 Ng8f6
2.c4 e6
3.Nb1c3 b6
4.e4 Bc8b7
5.f3 Bf8e7
6.Bc1e3 d6
7.Qd1d2 Nb8d7
8.O-O-O O-O
 { time }
0-1

[Event "Tourn. n9250"]
[Site "www.chess-mail.com"]
[Date "2017.03.26"]
[Round "1"]
[White "Falcoale"]
[Black "Milkyway"]
[WhiteElo "2010"]
[BlackElo "1970"]
[Result "1-0"]
[Round "1"]
1.e4 c5
2.Ng1f3 e6
3.Bf1c4 Nb8c6
4.O-O a6
5.a3 d6
6.c3 Ng8f6
7.d3 Bf8e7
8.h3 O-O
9.Nf3h2 b5
10.Bc4a2 Bc8b7
11.f4 Qd8b6
12.Bc1e3 Qb6c7
13.Nb1d2 d5
14.Nh2g4 Nf6xg4
15.Qd1xg4  { time }
1-0

[Event "Tourn. n9250"]
[Site "www.chess-mail.com"]
[Date "2017.03.26"]
[Round "1"]
[White "Picifarkinca"]
[Black "Milkyway"]
[WhiteElo "1910"]
[BlackElo "1970"]
[Result "1-0"]
[Round "1"]
1.e4 c5
2.Ng1f3 e6
3.d4 cxd4
4.Nf3xd4 Ng8f6
5.Bf1d3 Bf8c5
6.Nd4b3 Bc5b6
7.O-O d6
8.Kh1 Nb8c6
9.f4 d5
10.Nb1c3 dxe4
11.Nc3xe4 Nf6xe4
12.Bd3xe4 Qd8xd1
13.Rf1xd1 Bc8d7
14.c3 O-O-O
15.Bc1d2  { time }
1-0

[Event "Tourn. n9172"]
[Site "www.chess-mail.com"]
[Date "2017.03.26"]
[Round "1"]
[White "Falcoale"]
[Black "Milkyway"]
[WhiteElo "1880"]
[BlackElo "1920"]
[Result "1-0"]
[Round "1"]
1.e4 d6
2.Ng1f3 g6
3.d4 Bf8g7
4.Bf1c4 e6
5.O-O Ng8e7
6.c3 O-O
7.h3 d5
8.exd5 exd5
9.Bc4b3 c6
10.Rf1e1 h6
11.Nf3e5 Bc8e6
12.Nb1d2 Nb8d7
13.f4 Nd7xe5
14.fxe5 Ne7f5
15.Bb3c2 b6
16.Re1f1 Qd8c7
17.Nd2f3 c5
18.Bc1f4 cxd4
19.Nf3xd4 Nf5xd4
20.cxd4 Ra8c8
21.Ra1c1 Qc7d7
22.Qd1d2 Kh7
23.Qd2e3 Rc8c7
24.Rf1f2 Rf8c8
25.Qe3b3 Rc7c4
26.Qb3e3 b5
27.b3 Rc4c3
28.Qe3d2  { time }
1-0

[Event "Tourn. n9288"]
[Site "www.chess-mail.com"]
[Date "2017.03.26"]
[Round "1"]
[White "Genius7"]
[Black "Wegaman"]
[WhiteElo "1980"]
[BlackElo "1970"]
[Result "0-1"]
[Round "1"]
1.d4 d5
2.c4 e6
3.Nb1c3 Ng8f6
4.cxd5 exd5
5.Bc1g5 Bf8e7
6.e3 O-O
7.Ng1f3 Bc8g4
 { time }
0-1

[Event "Tourn. n9288"]
[Site "www.chess-mail.com"]
[Date "2017.03.26"]
[Round "1"]
[White "Sozaro"]
[Black "Genius7"]
[WhiteElo "2089"]
[BlackElo "1980"]
[Result "1-0"]
[Round "1"]
1.d4 d5
2.c4 c6
3.Ng1f3 Ng8f6
4.Nb1c3 e6
5.e3 Bf8b4
6.Bc1d2 O-O
7.Bf1e2 Nb8d7
8.Qd1c2 Bb4xc3
9.Bd2xc3  { time }
1-0

[Event "Tourn. n9270"]
[Site "www.chess-mail.com"]
[Date "2017.03.26"]
[Round "1"]
[White "Malbertan"]
[Black "Coolant"]
[WhiteElo "2070"]
[BlackElo "2070"]
[Result "1/2-1/2"]
[Round "1"]
1.e4 Nb8c6
2.d4 d5
3.Nb1c3 a6
4.exd5 Nc6b4
5.Bf1c4 b5
6.Bc4b3 Bc8b7
7.Qd1h5 Ng8f6
8.Qh5e5 Nb4xd5
9.Nc3xd5 Bb7xd5
10.Bb3xd5 Qd8xd5
11.Qe5xd5 Nf6xd5
12.Ng1f3 e6
13.O-O c5
14.c3 Bf8d6
15.Bc1e3 c4
16.Nf3d2 Kd7
17.Nd2e4 f5
18.Ne4xd6 Kxd6
19.Ra1e1 a5
20.Be3d2 Ra8b8
21.Re1e2 Rb8b6
22.Rf1e1 Kd7
23.a3 { draw }
1/2-1/2

[Event "Tourn. n9225"]
[Site "www.chess-mail.com"]
[Date "2017.03.26"]
[Round "1"]
[White "Cal"]
[Black "Redapond1"]
[WhiteElo "1650"]
[BlackElo "1690"]
[Result "0-1"]
[Round "1"]
1.c4 d5
2.cxd5 Qd8xd5
3.d4 Nb8c6
4.h3 Qd5xd4
5.Qd1c2 Bc8d7
6.Ng1f3 Qd4b4
7.Bc1d2 Qb4d6
8.e4 O-O-O
9.Nb1c3 Nc6b4
10.Qc2b1 e5
11.Bf1e2 Ng8e7
12.a3 Nb4c6
13.O-O Nc6d4
14.Be2d1 Nd4xf3
15.Bd1xf3 Qd6xd2
16.Qb1a2 Bd7e6
17.Ra1d1 Be6xa2
18.Rd1xd2 Rd8xd2
19.Nc3xa2 Rd2xb2
20.Na2c3 Rb2b3
21.Rf1c1 Rb3xa3
22.Nc3b5 Ra3a5
23.Rc1xc7 Kb8
24.Rc7c5 a6
25.Rc5c1 Ra5xb5
26.g4 Ne7g6
27.g5 Bf8e7
28.Kh2 Be7xg5
29.Rc1c2 Rh8c8
30.Rc2xc8 Kxc8
31.Bf3g4 Kc7
32.Bg4e2 Rb5b2
33.Be2c4 Rb2xf2
34.Kg3 Bg5h4
35.Kg4 Rf2f4
{ resign }
0-1

[Event "Tourn. n9215"]
[Site "www.chess-mail.com"]
[Date "2017.03.26"]
[Round "1"]
[White "Pinehill"]
[Black "Milkyway"]
[WhiteElo "2090"]
[BlackElo "1940"]
[Result "1-0"]
[Round "1"]
1.e4 c6
2.d4 d5
3.Nb1d2 dxe4
4.Nd2xe4 Bc8f5
5.Ne4g3 Bf5g6
6.h4 h6
7.h5 Bg6h7
8.Bf1d3 Bh7xd3
9.Qd1xd3 e6
10.Ng1f3 Ng8f6
11.Qd3e2 Bf8d6
12.Ng3e4 Nf6xe4
13.Qe2xe4 Nb8d7
14.Bc1d2 Nd7f6
15.Qe4d3 O-O
16.O-O-O Qd8c7
17.c4 c5
18.b3 cxd4
19.Nf3xd4 Bd6a3
20.Kb1 Rf8d8
21.Qd3e3  { time }
1-0

[Event "Tourn. n9245"]
[Site "www.chess-mail.com"]
[Date "2017.03.26"]
[Round "1"]
[White "Genius7"]
[Black "Attatroll"]
[WhiteElo "1960"]
[BlackElo "1950"]
[Result "0-1"]
[Round "1"]
1.Ng1f3 d5
2.c4 dxc4
3.Nb1a3 e5
4.Na3xc4 e4
5.Nf3g1 Ng8f6
6.d4 exd3
7.exd3 Bf8b4
8.Bc1d2 Qd8e7
9.Qd1e2 Bb4xd2
10.Nc4xd2 Qe7xe2
11.Bf1xe2 O-O
12.Nd2e4 Nf6d5
13.Ra1c1 c6
14.Ng1f3 Bc8g4
15.h3 Bg4h5
16.a3 Nd5f4
17.g3 Nf4xe2
18.Kxe2 Nb8d7
19.g4 Bh5g6
20.Nf3d4 Rf8e8
21.f3 Nd7c5
 { time }
0-1

[Event "Tourn. n9270"]
[Site "www.chess-mail.com"]
[Date "2017.03.26"]
[Round "1"]
[White "Jackbauer"]
[Black "Genius7"]
[WhiteElo "1920"]
[BlackElo "1980"]
[Result "1-0"]
[Round "1"]
1.e4 e5
2.f4 d5
3.exd5 e4
4.c4 Ng8f6
5.Nb1c3 c6
6.g3 cxd5
7.d4 Nb8c6
8.c5 a6
9.Bf1g2 Bf8e7
10.Bc1e3 O-O
11.a3 Bc8g4
12.Ng1e2 Nc6a5
13.O-O  { time }
1-0

[Event "Tourn. n9224"]
[Site "www.chess-mail.com"]
[Date "2017.03.26"]
[Round "1"]
[White "Awfen"]
[Black "Genius7"]
[WhiteElo "2050"]
[BlackElo "1940"]
[Result "1-0"]
[Round "1"]
1.e4 e6
2.Ng1f3 d5
3.exd5 exd5
4.d4 Ng8f6
5.Bf1b5 c6
6.Bb5e2 Bf8d6
7.O-O O-O
8.c3 Rf8e8
9.Bc1g5 h6
10.Bg5h4 Bc8f5
11.Nb1d2 Nb8d7
12.Nf3e1 Qd8c7
13.Bh4g3 Bd6xg3
14.fxg3 Bf5g6
15.Ne1d3 Nf6e4
16.Nd2f3 Nd7f6
17.Nf3e5 Ne4d6
18.Ne5xg6 fxg6
19.Nd3e5 Nd6e4
20.Ne5xg6 Ra8d8
21.Be2d3 Qc7f7
22.Ng6e5 Qf7c7
23.Rf1f5 c5
24.Bd3b5 Re8f8
25.Ne5g6  { time }
1-0

[Event "Tourn. n9150"]
[Site "www.chess-mail.com"]
[Date "2017.03.26"]
[Round "1"]
[White "Ozana"]
[Black "Yangqi"]
[WhiteElo "2320"]
[BlackElo "2710"]
[Result "0-1"]
[Round "1"]
1.f4 d5
2.Ng1f3 c5
3.b3 Nb8c6
4.e3 Ng8f6
5.Bc1b2 Bc8f5
6.Bf1b5 e6
7.Nf3e5 Qd8b6
8.Nb1c3 Bf8d6
9.Ne5xc6 bxc6
10.Bb5d3 Bf5xd3
11.cxd3 d4
12.Nc3e4 Nf6xe4
13.dxe4 a5
14.Bb2a3 a4
15.O-O axb3
16.axb3 O-O
17.e5 Bd6e7
18.exd4 Rf8d8
19.Kh1 Rd8xd4
20.Ba3xc5 Ra8xa1
21.Bc5xb6 Ra1xd1
22.Rf1xd1 Rd4xf4
23.d4 f6
24.exf6 Be7xf6
25.b4 Kf7
26.Kg1 h5
27.g3 Rf4f3
28.Bb6c5 g5
29.Kg2 g4
30.Rd1d2 Bf6g5
31.Rd2e2 Rf3d3
32.Re2f2 Kg6
{ resign }
0-1

[Event "Match"]
[Site "www.echecsemail.com"]
[Date "2017.03.26"]
[Round "1"]
[White "Hundegana"]
[Black "Genius9"]
[WhiteElo "2010"]
[BlackElo "1610"]
[Result "1-0"]
[Round "1"]
1.f4 d5
2.d3 Ng8f6
3.g3 c5
4.Bf1g2 Nb8c6
5.c3 e6
6.Ng1f3 Bf8e7
7.O-O O-O
8.Nf3e5 Bc8d7
9.Nb1d2 Qd8c7
10.Ne5xc6 Bd7xc6
11.h3 b5
12.Kh2 Ra8b8
13.b3 a6
14.Nd2f3 Rf8d8
15.e3 h6
16.Qd1c2 Rd8c8
17.Nf3e5 Be7d6
18.Ne5xc6 Qc7xc6
19.Ra1b1 a5
20.e4 dxe4
21.dxe4 e5
22.f5 Bd6e7
23.Bc1e3 c4
24.Rf1d1 Rc8d8
25.Rd1xd8 Rb8xd8
26.bxc4 Qc6xc4
27.Bg2f1 Qc4xe4
28.Qc2xe4 Nf6xe4
29.Rb1xb5 Ne4xc3
30.Rb5xa5 Nc3d5
31.Be3g1 Nd5f6
32.Ra5xe5 Be7d6
33.Re5a5 Bd6b4
34.Ra5a6 Rd8d2
35.Kh1 Nf6e4
36.Bg1e3 Rd2d1
37.Kg2 Rd1d6
38.Kf3  { time }
1-0

[Event "Match"]
[Site "www.echecsemail.com"]
[Date "2017.03.26"]
[Round "1"]
[White "Pdebonis"]
[Black "Krystek23"]
[WhiteElo "2390"]
[BlackElo "2340"]
[Result "1-0"]
[Round "1"]
1.e4 c5
2.Ng1f3 e6
3.d4 cxd4
4.Nf3xd4 Nb8c6
5.Nb1c3 Qd8c7
6.Bc1e3 a6
7.Qd1d2 Ng8f6
8.O-O-O Bf8b4
9.f3 Nc6e5
10.Nd4b3 b5
11.Qd2d4 Bb4xc3
12.Qd4xc3 Qc7xc3
13.bxc3 d5
14.Be3d4 Ne5c4
15.exd5 Nf6xd5
16.Bf1xc4 bxc4
17.Nb3d2 O-O
18.Nd2xc4 a5
19.Bd4c5 Rf8e8
20.Nc4d6 Re8d8
21.c4 Nd5c3
22.Rd1d3 Nc3xa2
23.Kd2 Na2b4
24.Bc5xb4 axb4
25.Rh1b1 Ra8a4
26.Nd6e4 Rd8xd3
27.Kxd3 Kf8
28.c3 Ra4a3
29.Rb1xb4 Ke7
30.c5 Bc8d7
31.Rb4b7 Ra3a6
32.Ne4g5 Kd8
33.Ng5xf7 Kc8
34.Rb7b2 Kc7
35.Nf7e5 Bd7c6
36.Rb2b6 Ra6xb6
37.cxb6 Kxb6
38.Ne5xc6 Kxc6
39.Kd4 Kd6
40.f4 h6
41.g3 g6
42.h4 Kd7
43.Ke5 Ke7
44.c4 Kd7
45.Kf6 Kc6
46.Kxe6 Kc5
47.Kf6 Kxc4
48.Kxg6 Kd3
49.f5 Ke3
50.h5 Kf3
51.f6 Kxg3
52.f7 { resign }
1-0

[Event "Match"]
[Site "www.echecsemail.com"]
[Date "2017.03.26"]
[Round "1"]
[White "Ericleo1980"]
[Black "Forest"]
[WhiteElo "2150"]
[BlackElo "1760"]
[Result "1-0"]
[Round "1"]
1.e4 c5
2.Ng1f3 Nb8c6
3.d4 cxd4
4.Nf3xd4 g6
5.Nd4xc6 bxc6
6.Qd1d4 Ng8f6
7.e5 Nf6d5
8.e6 f6
9.exd7 Bc8xd7
10.c4 Qd8b6
11.Qd4xb6 Nd5xb6
12.f4 Kf7
13.Nb1c3 Bf8g7
14.Bc1e3 Bd7e6
15.b3 Rh8d8
16.Ra1d1 f5
17.Nc3e2 Rd8xd1
18.Kxd1 Ra8d8
19.Kc2 h6
20.a4 Bg7f6
21.h4 Bf6g7
22.g3 Rd8d7
23.Bf1g2 Rd7c7
24.Rh1d1 Rc7d7
25.Bg2xc6 Rd7c7
26.Bc6b5  { time }
1-0

[Event "Match"]
[Site "www.echecsemail.com"]
[Date "2017.03.26"]
[Round "1"]
[White "Ledzepp"]
[Black "Sonny1000"]
[WhiteElo "1480"]
[BlackElo "1280"]
[Result "1-0"]
[Round "1"]
1.e4 e5
2.Ng1f3 f6
3.Nb1c3 Bf8c5
4.Nc3a4 Bc5b4
5.c3 Bb4a5
6.d4 Nb8c6
7.dxe5 fxe5
8.Bc1g5 Ng8e7
9.Na4c5 h6
10.Bg5h4 g5
11.Bh4g3 Rh8g8
12.Nc5b3 Ba5b6
13.Nb3d2 g4
14.Bf1c4 Rg8f8
15.O-O Ne7g6
16.Nf3e1 Ng6h4
17.Qd1xg4 Qd8g5
18.Nd2f3 Qg5xg4
19.Nf3xh4 Qg4xe4
20.Bc4d3 Qe4a4
21.Bd3g6 Ke7
22.Nh4f5 Kf6
23.Bg6h7 Rf8h8
24.b3 Qa4e4
25.Bg3h4 Qe4xh4
26.Nf5xh4 Rh8xh7
27.Ne1f3 e4
28.Nf3d2 Rh7g7
29.Nd2xe4 Ke5
30.Ne4g3 Kf4
31.Nh4f5 Rg7f7
32.Nf5xh6 Rf7e7
33.Ng3h5 Kg5
34.Nh6g8 Re7h7
35.Nh5f6 Rh7g7
36.Nf6e4 Kf5
37.Ng8f6 Nc6e5
38.Nf6h5 Rg7f7
39.Ne4g3 Kg5
40.Rf1e1 Bb6xf2
41.Kh1 Bf2xe1
42.Ra1xe1 d6
43.c4 Bc8f5
44.Ng3xf5 Rf7xf5
45.Nh5g3 Rf5f2
46.Ng3e4 Kh4
47.Ne4xf2 Ra8e8
48.b4 Re8f8
49.Nf2e4 Rf8f4
50.g3 Kg4
51.gxf4 Kxf4
52.Ne4c3 Kg4
53.Nc3b5 Ne5xc4
54.Nb5xc7 Nc4d2
55.Nc7b5 d5
56.Kg2 Nd2f3
57.Re1e7 Nf3xh2
58.Kxh2 Kf4
59.Nb5xa7 b6
60.Re7b7 d4
61.Rb7e7 d3
62.Na7b5 Kf5
63.Nb5c3 Kg4
64.Re7d7 b5
65.Nc3xb5 d2
66.Rd7xd2 Kf3
67.a4 { resign }
1-0

[Event "Match"]
[Site "www.echecsemail.com"]
[Date "2017.03.26"]
[Round "1"]
[White "Joseph1983"]
[Black "Liencam2"]
[WhiteElo "2190"]
[BlackElo "2350"]
[Result "0-1"]
[Round "1"]
1.d4 Ng8f6
2.Nb1c3 d5
3.Bc1f4 Bc8f5
4.e3 e6
5.Bf1d3 Bf5xd3
6.Qd1xd3 c5
7.dxc5 Nb8c6
8.Ng1f3 Bf8xc5
9.O-O-O Qd8a5
10.Kb1 O-O
11.Nf3e5 a6
12.a3 Rf8c8
13.b4 Nc6xb4
14.axb4 Bc5xb4
15.Nc3a2 Nf6e4
16.Qd3b3 Ne4c3
17.Kb2 Nc3xa2
18.c4 Na2c3
19.Rd1a1 dxc4
20.Ne5xc4 Qa5d5
21.Nc4b6 Qd5d2
{ resign }
0-1

[Event "Match"]
[Site "www.echecsemail.com"]
[Date "2017.03.26"]
[Round "1"]
[White "Genius7"]
[Black "Llord"]
[WhiteElo "1950"]
[BlackElo "2030"]
[Result "0-1"]
[Round "1"]
1.d4 d5
2.Bc1f4 Nb8c6
3.e3 Bc8f5
4.Ng1f3 e6
5.Bf1b5 Ng8e7
6.Nb1d2 a6
7.Bb5xc6 Ne7xc6
8.a3 Bf8e7
9.c4 O-O
10.O-O Be7d6
11.Bf4xd6 Qd8xd6
12.cxd5 exd5
13.Nd2b3 b6
14.Ra1c1 a5
15.Nb3d2 Bf5g4
16.h3 Bg4xf3
17.Nd2xf3 h6
18.Qd1c2 Nc6e7
19.Qc2xc7 Qd6xc7
20.Rc1xc7 Ne7g6
 { time }
0-1

[Event "Match"]
[Site "www.echecsemail.com"]
[Date "2017.03.26"]
[Round "1"]
[White "Winston"]
[Black "Genius7"]
[WhiteElo "1810"]
[BlackElo "1940"]
[Result "1-0"]
[Round "1"]
1.e4 e5
2.Ng1f3 Nb8c6
3.Bf1c4 Ng8f6
4.d3 Bf8e7
5.O-O d6
6.Rf1e1 O-O
7.c3 Bc8g4
8.h3 Bg4xf3
9.Qd1xf3 Qd8d7
10.Bc1e3 Ra8d8
11.Nb1a3 a6
12.Na3c2 b5
13.Bc4b3 Nc6a5
14.d4 Na5xb3
15.axb3 Qd7c6
16.d5  { time }
1-0

[Event "Match"]
[Site "www.echecsemail.com"]
[Date "2017.03.26"]
[Round "1"]
[White "Griffo30"]
[Black "Ledzepp"]
[WhiteElo "1499"]
[BlackElo "1470"]
[Result "1-0"]
[Round "1"]
1.e4 e5
2.Ng1f3 Nb8c6
3.Bf1c4 Nc6a5
4.Nf3xe5 Na5xc4
5.Ne5xc4 Qd8g5
6.O-O d5
7.exd5 Qg5xd5
8.d3 Qd5c6
9.Nc4e5 Qc6e6
10.Rf1e1 Qe6f5
11.Ne5g6 Bc8e6
12.Ng6xh8 Bf8c5
13.d4 Bc5b6
14.d5 Qf5xf2
15.Kh1 Ra8d8
16.Nh8xf7 Kxf7
17.Re1f1 Rd8xd5
18.Rf1xf2 Bb6xf2
19.Qd1f3 Rd5f5
20.Qf3e2 Ng8f6
21.Nb1c3 Be6c4
22.Qe2xc4 Kg6
23.Bc1d2 c6
24.Ra1f1 h5
25.Nc3e4 Nf6g4
26.Qc4e6 Ng4f6
27.Ne4xf6 Rf5xf6
28.Qe6e2 Bf2d4
29.Rf1xf6 Kxf6
30.c3 Bd4c5
31.Qe2xh5 g6
32.Qh5g5 { resign }
1-0

[Event "Match"]
[Site "www.echecsemail.com"]
[Date "2017.03.26"]
[Round "1"]
[White "Milkyway"]
[Black "Mdesouza"]
[WhiteElo "1920"]
[BlackElo "2410"]
[Result "0-1"]
[Round "1"]
1.e4 c5
2.Nb1c3 Nb8c6
3.g3 d6
4.Bf1g2 Ng8f6
5.Ng1e2 g6
6.d3 Bf8g7
7.O-O O-O
8.h3 e5
9.Bc1g5 Bc8e6
10.f4 exf4
11.Ne2xf4 Qd8d7
12.Nf4xe6 fxe6
13.Qd1d2 Rf8f7
14.Bg5xf6 Bg7xf6
15.g4 Ra8f8
16.a3 Bf6d4
17.Kh1 Nc6e5
18.Ra1e1 Rf7xf1
19.Re1xf1 Rf8xf1
20.Bg2xf1 Qd7f7
21.Bf1g2 Qf7f6
22.Nc3d1 Ne5xg4
23.c3 Ng4f2
24.Nd1xf2 Qf6xf2
25.Qd2xf2 Bd4xf2
 { time }
0-1

[Event "Match"]
[Site "www.echecsemail.com"]
[Date "2017.03.26"]
[Round "1"]
[White "Gambitmiau"]
[Black "Milkyway"]
[WhiteElo "1940"]
[BlackElo "1920"]
[Result "1-0"]
[Round "1"]
1.e4 d6
2.d4 Ng8f6
3.Nb1c3 g6
4.Bc1g5 h6
5.Bg5xf6 exf6
6.d5 Bf8g7
7.Ng1f3 O-O
8.Bf1c4 Rf8e8
9.h3 Nb8d7
10.O-O Nd7b6
11.Bc4b3 f5
12.e5 dxe5
13.a4 e4
14.Nf3h4 a6
15.Qd1e2 Qd8xh4
16.f3 Bg7xc3
17.bxc3 Bc8d7
18.c4  { time }
1-0

[Event "Match"]
[Site "www.echecsemail.com"]
[Date "2017.03.26"]
[Round "1"]
[White "Iko"]
[Black "Azorau"]
[WhiteElo "1630"]
[BlackElo "1820"]
[Result "0-1"]
[Round "1"]
1.e4 e5
2.Ng1f3 Nb8c6
3.Bf1b5 Nc6d4
4.Nf3xd4 exd4
5.b3 Ng8f6
6.e5 Qd8e7
7.f4 a6
8.Bb5d3 d6
9.O-O dxe5
10.Rf1e1 e4
11.h3 Bc8f5
12.g4 Bf5d7
13.g5 Nf6d5
14.Re1xe4 Bd7e6
15.f5 Qe7d6
16.fxe6 fxe6
17.Qd1g4 O-O-O
18.Re4xe6 Qd6d7
19.Bd3f5 Kb8
20.Re6xa6 Qd7b5
21.Ra6e6 h6
22.Qg4h4 Bf8e7
23.gxh6 Be7xh4
24.a4 Qb5c5
25.hxg7 d3
26.Kg2 Nd5f4
27.Kf3 Qc5f2
28.Ke4 Qf2d4
29.Kf3 Qd4f2
30.Ke4 Rd8d4
31.Ke5 Rd4d5
32.Ke4 Qf2d4
33.Kf3 Rh8g8
34.c3 Qd4f2
35.Ke4 Rg8xg7
36.c4 Rd5d4
37.Ke5 c5
38.Re6e8 Ka7
39.Bc1a3 b6
40.Re8h8 Rg7e7
41.Bf5e6 Re7xe6
42.Kf5 Nf4g6
43.Kxe6 Qf2f6

0-1

[Event "Match"]
[Site "www.echecsemail.com"]
[Date "2017.03.26"]
[Round "1"]
[White "Emmanuel69"]
[Black "Genius7"]
[WhiteElo "1850"]
[BlackElo "1950"]
[Result "1-0"]
[Round "1"]
1.c4 e6
2.a3 d5
3.e3 Ng8f6
4.Ng1f3 Bf8e7
5.Nb1c3 O-O
6.d4 a6
7.h3 c6
8.cxd5 exd5
9.Bf1e2 Rf8e8
10.O-O b5
11.b4 Bc8f5
12.Be2d3 Bf5xd3
13.Qd1xd3 Nb8d7
14.Bc1b2 Nd7b6
15.Nf3d2  { time }
1-0

[Event "Match"]
[Site "www.echecsemail.com"]
[Date "2017.03.26"]
[Round "1"]
[White "Mrynmryn"]
[Black "Coraza"]
[WhiteElo "2050"]
[BlackElo "1760"]
[Result "0-1"]
[Round "1"]
1.Ng1f3 Ng8f6
2.d4 d5
3.Bc1f4 Bc8g4
4.e3 e6
5.h3 Bg4xf3
6.Qd1xf3 a6
7.c4 Bf8b4
8.Nb1c3 Nf6e4
9.Ra1c1 Nb8c6
10.Bf1d3 Ne4f6
 { time }
0-1

[Event "Match"]
[Site "www.echecsemail.com"]
[Date "2017.03.26"]
[Round "1"]
[White "Genius7"]
[Black "Mdesouza"]
[WhiteElo "1950"]
[BlackElo "2310"]
[Result "0-1"]
[Round "1"]
1.c4 Ng8f6
2.Nb1c3 g6
3.g3 Bf8g7
4.Bf1g2 d6
5.d4 O-O
6.e4 e5
7.dxe5 dxe5
8.Qd1xd8 Rf8xd8
9.Bc1g5 c6
10.Ng1e2 Bc8e6
11.b3 Nb8a6
12.O-O h6
 { time }
0-1

[Event "Match"]
[Site "www.echecsemail.com"]
[Date "2017.03.26"]
[Round "1"]
[White "Chessington"]
[Black "Whitekknight"]
[WhiteElo "1499"]
[BlackElo "1950"]
[Result "1/2-1/2"]
[Round "1"]
1.Ng1f3 Ng8f6
2.g3 d5
3.Bf1g2 e6
4.O-O Nb8c6
5.c4 dxc4
6.Qd1a4 Bc8d7
7.Qa4xc4 Bf8e7
8.d4 O-O
9.Rf1d1 Qd8e8
10.Nb1c3 a6
11.Nf3e5 Nc6xe5
12.dxe5 Bd7b5
13.Qc4xc7 Bb5c6
14.Bg2xc6 Ra8c8
15.Bc6xe8 Rc8xc7
16.exf6 Be7xf6
17.Be8a4 Bf6xc3
18.bxc3 { draw }
1/2-1/2

[Event "Match"]
[Site "www.echecsemail.com"]
[Date "2017.03.26"]
[Round "1"]
[White "Mechjoura"]
[Black "Llord"]
[WhiteElo "1809"]
[BlackElo "2020"]
[Result "0-1"]
[Round "1"]
1.d4 Nb8c6
2.d5 Nc6e5
3.f4 Ne5g6
4.Ng1f3 d6
5.c4 Bc8f5
6.Nb1c3 Ng8f6
7.Qd1b3 b6
8.Nf3d4 Bf5d7
9.g3 e5
10.dxe6 fxe6
11.Bf1g2 Ra8b8
 { time }
0-1

[Event "1/128 Finale"]
[Site "www.chess-mail.com"]
[Date "2017.03.26"]
[Round "1"]
[White "Julian"]
[Black "Attatroll"]
[WhiteElo "1930"]
[BlackElo "1960"]
[Result "0-1"]
[Round "1"]
1.e4 d6
2.d4 Ng8f6
3.Bf1d3 g6
4.c4 Bf8g7
5.Nb1c3 O-O
6.f4 Nb8c6
7.d5 Nc6b4
8.Bd3b1 Bc8g4
9.Ng1f3 c5
10.O-O Nf6d7
11.a3 Nb4a6
12.Qd1d3 Bg4xf3
13.Rf1xf3 Bg7d4
14.Kh1 Na6c7
15.Nc3e2 Bd4g7
16.h4 Nd7f6
17.Ra1a2 Nf6g4
18.b4 Nc7a6
19.Bc1d2 cxb4
20.axb4 Qd8b6
21.c5 dxc5
22.g3 cxb4
23.e5 Ng4f2
24.Rf3xf2 Qb6xf2
 { time }
0-1

[Event "1/32 Finale"]
[Site "www.chess-mail.com"]
[Date "2017.03.26"]
[Round "1"]
[White "Sachpat"]
[Black "Bojan"]
[WhiteElo "2640"]
[BlackElo "2030"]
[Result "1-0"]
[Round "1"]
1.e4 e5
2.Ng1f3 Nb8c6
3.Bf1b5 Qd8f6
4.O-O Bf8c5
5.d3 Nc6d4
6.Nf3xd4 Bc5xd4
7.Kh1 a6
8.Bb5c4 d6
9.c3 Bd4a7
10.f4 Bc8e6
11.fxe5 Qf6xe5
12.Bc1f4 Qe5c5
13.Bc4xe6 fxe6
14.Qd1g4 Ng8f6
15.Qg4xe6 Kf8
16.Nb1d2 Ra8e8
17.Qe6b3 Qc5c6
18.Bf4g5 Ke7
19.d4 h6
20.Bg5h4 g5
21.Bh4g3 Kd8
22.Rf1xf6 b5
23.a4 Ba7b6
24.axb5 Qc6xb5
25.Qb3c2 a5
26.c4 Qb5b4
27.Ra1a4 Bb6xd4
28.Ra4xb4 axb4
29.Rf6f7 { resign }
1-0

[Event "1/64 Finale"]
[Site "www.chess-mail.com"]
[Date "2017.03.26"]
[Round "1"]
[White "Picifarkinca"]
[Black "Vgrynyuk"]
[WhiteElo "2010"]
[BlackElo "1999"]
[Result "0-1"]
[Round "1"]
1.c4 e5
2.g3 Ng8f6
3.Nb1c3 d5
4.Bf1g2 c6
5.b3 d4
6.Nc3e4 Nf6xe4
7.Bg2xe4 f5
8.Be4g2 Bf8e7
9.d3 O-O
10.Bc1b2 Be7b4
11.Kf1 Nb8d7
12.a3 Bb4d6
13.Ng1h3 a5
14.f4 Nd7f6
15.Bg2f3 Nf6g4
16.Bb2c1 Qd8e7
17.Qd1c2 exf4
18.Nh3xf4 g5
{ resign }
0-1

[Event "Tourn. n9265"]
[Site "www.chess-mail.com"]
[Date "2017.03.27"]
[Round "1"]
[White "Vasylpuzanov"]
[Black "Nulladies"]
[WhiteElo "1680"]
[BlackElo "1780"]
[Result "0-1"]
[Round "1"]
1.e4 c5
2.Ng1f3 g6
3.d4 cxd4
4.Nf3xd4 Nb8c6
5.Nd4xc6 bxc6
6.Nb1c3 Bf8g7
7.Bc1d2 d5
8.exd5 cxd5
9.Bf1b5 Bc8d7
10.Bb5xd7 Qd8xd7
11.O-O Ra8b8
12.Ra1b1 Ng8f6
13.Bd2g5 h6
14.Bg5xf6 Bg7xf6
15.Nc3xd5 { time. }
0-1

[Event "Tourn. n9224"]
[Site "www.chess-mail.com"]
[Date "2017.03.27"]
[Round "1"]
[White "Genius7"]
[Black "Attatroll"]
[WhiteElo "1890"]
[BlackElo "1970"]
[Result "0-1"]
[Round "1"]
1.d4 f5
2.Ng1f3 Ng8f6
3.b3 e6
4.Bc1b2 d5
5.e3 Bf8d6
6.Nb1d2 O-O
7.c4 c6
8.Bf1e2 Nb8d7
9.O-O Nf6e4
10.c5 Bd6c7
11.b4 Nd7f6
12.a4 Ne4xd2
13.Qd1xd2 Bc8d7
14.b5 Nf6e4
15.Qd2c2 Qd8e7
16.Be2d3 Ra8e8
17.Rf1e1 Bc7a5
18.Re1d1 g5
19.Nf3e5 Ba5c7
20.f3 Ne4xc5
21.dxc5 Bd7c8
22.Qc2c3 Qe7f6
23.f4 Bc7xe5
24.Qc3xe5 Qf6xe5
25.Bb2xe5 gxf4
26.exf4 Bc8d7
27.Ra1a3 cxb5
 { time }
0-1